Personnalités nées à Amiens - Statistiques

Statistiques générales
  • Ce quiz a été pris 252 fois
    250 depuis la dernière actualisation
  • Le résultat moyen est 4 sur 10
Statistiques - réponses
Année de naissance Fonction / Profession Personnage % Correct
1977 Politique / Président de la République Emmanuel Macron
98%
1953 Enseignante / Première Dame Brigitte Macron
97%
1950 Journaliste / Présentateur du 13 heures Jean-Pierre Pernaut
68%
1931 Directeur de cabaret / Sosies Michou
43%
1975 Journaliste et réalisateur / Merci Patron ! François Ruffin
29%
1969 Journaliste / Un jour,un destin Laurent Delahousse
29%
1992 Basketteur / Jazz de l'Utah Rudy Gobert
26%
1977 Politique / Ministre de l'Education nationale Najat Vallaud-Belkacem
18%
1990 Footballeur / Virée nocturne en boîte de nuit 3 jours avant un match décisif Yann M'Vila
16%
1621 Religieux / Ecoles gratuites pour enfants pauvres Nicolas Barré
2%
Aucun quiz correspondant
Distribution des résultats
% des personnes avec chaque résultat
Percentile par nombre de réponses
Votre historique - résultats
Vous n’avez pas pris ce quiz depuis la dernière actualisation